000 00763nam a2200241 i 4500
001 104082
003 ES-MaACL
005 20230906183516.0
007 t|
008 051123s1980 sp ||||1| spa d
020 _a84-85361-21-0
100 1 _aMichaud, Yves.
_980878
245 1 0 _aViolencia y política /
_cYves Michaud ; traducción de José Martín Arancibia.
260 _aBarcelona :
_bRuedo Ibérico,
_c1980.
300 _a189 p. ;
_c21 cm.
490 1 _aBiblioteca crítica: al otro lado
650 4 _aViolencia política.
_9156586
700 1 _aMartín Arancibia, José.
_977394
710 2 _aÉditions Ruedo ibérico.
_9145333
830 1 _aBiblioteca crítica: al otro lado
_9184837
852 _aES-MaACL
_jL-3440
999 _c104082
_d104082